কয়েদী / (Record no. 48241)
[ view plain ]
| 000 -LEADER | |
|---|---|
| fixed length control field | 00826nam a22002417a 4500 |
| 001 - CONTROL NUMBER | |
| control field | 48241 |
| 003 - CONTROL NUMBER IDENTIFIER | |
| rucl marc code | BD-RjUL |
| 005 - DATE AND TIME OF LATEST TRANSACTION | |
| control field | 20211209054502.0 |
| 008 - FIXED-LENGTH DATA ELEMENTS--GENERAL INFORMATION | |
| fixed length control field | 160813s1975 bg ||||| |||| 00| 0 ben d |
| 020 ## - INTERNATIONAL STANDARD BOOK NUMBER | |
| Terms of availability | :TK 1.75 |
| 035 ## - SYSTEM CONTROL NUMBER | |
| System control number | (BD-RjUL)48360 |
| 040 ## - CATALOGING SOURCE | |
| Original cataloging agency | BD-RjUL |
| Language of cataloging | ben |
| Transcribing agency | BD-RjUL |
| 041 ## - LANGUAGE CODE | |
| Language code of text/sound track or separate title | ben |
| 082 ## - DEWEY DECIMAL CLASSIFICATION NUMBER | |
| Edition number | 23 |
| Classification number | 891.442 |
| Author mark and year | ALK 1967 |
| 100 ## - MAIN ENTRY--PERSONAL NAME | |
| Personal name | আলী, মোহাম্মদ মোবারক |
| 9 (RLIN) | 146106 |
| 245 10 - TITLE STATEMENT | |
| Title | কয়েদী / |
| Statement of responsibility, etc. | মোহাম্মদ মোবারক আলী |
| 260 ## - PUBLICATION, DISTRIBUTION, ETC. (IMPRINT) | |
| Place of publication, distribution, etc. | বগুড়া : |
| Name of publisher, distributor, etc. | সাহিত্য কুটির, |
| Date of publication, distribution, etc. | ১৯৬৭ |
| 300 ## - PHYSICAL DESCRIPTION | |
| Pagination | ৭৮ পৃ. ; |
| Size | ১৭ সেমি. |
| 500 ## - GENERAL NOTE | |
| General note | সামাজিক নাটক |
| 650 ## - SUBJECT ADDED ENTRY--TOPICAL TERM | |
| Topical term or geographic name as entry element | বাংলা নাটক |
| 9 (RLIN) | 146107 |
| Topical term or geographic name as entry element | Bengali Drama |
| 9 (RLIN) | 146108 |
| 942 ## - ADDED ENTRY ELEMENTS (KOHA) | |
| Source of classification or shelving scheme | Dewey Decimal Classification |
| Koha item type | Books |
| Lost status | Source of classification or shelving scheme | Damaged status | Not for loan | Collection code | Permanent Location | Current Location | Shelving location | Date acquired | Source of acquisition | Cost, normal purchase price | Total Checkouts | Full call number | Date last seen | Copy number | Koha item type |
|---|---|---|---|---|---|---|---|---|---|---|---|---|---|---|---|
| Dewey Decimal Classification | Non-fiction | Central Library, University of Rajshahi | Central Library, University of Rajshahi | 12/10/1968 | Prantic, Rajshahi | 1.75 | B 891.442 ALK 1967 | 13/08/2016 | C-2 | Books | |||||
| Dewey Decimal Classification | Non-fiction | Central Library, University of Rajshahi | Central Library, University of Rajshahi | 22/10/1968 | Prantic, Rajshahi | 1.75 | B 891.442 ALK 1967 | 24/10/2016 | C-3 | Books |